APEC Schools

Pag-unawa sa ating pagtula : (Record no. 7032)

000 -LEADER
fixed length control field nam a22 7a 4500
005 - DATE AND TIME OF LATEST TRANSACTION
control field 20190130034032.0
008 - FIXED-LENGTH DATA ELEMENTS--GENERAL INFORMATION
fixed length control field 190130b xxu||||| |||| 00| 0 eng d
020 ## - IDENTIFIER FOR THE MANIFESTATION
Identifier for the Manifestation 9712717801
Binding paperback
040 ## - CATALOGING SOURCE
Language of Cataloging eng
Transcribing Agency APEC Schools Library
Description Conventions rda
082 ## - DEWEY DECIMAL CLASSIFICATION NUMBER
Classification number F 899.211
Author's Number Al445p 2006
100 ## - CREATOR
Preferred Name of the Person Almario, Virgilio S.
245 ## - TITLE AND STATEMENT OF RESPONSIBILITY
Preferred Title Proper Pag-unawa sa ating pagtula :
Remainder of Title pagsusuri at kasaysayan ng panulaang Filipino /
Statement of Responsibility/Parallel Statement of Responsibility Virgilio S. Almario
264 ## - PUBLICATION STATEMENT
Place of publication, distribution, etc Pasig City :
Publisher's Name/Parallel Publisher's Name Anvil Pub.,
Copyright ©2006.
Date of Publication 2006.
300 ## - PHYSICAL DESCRIPTION
Extent 436 pages ;
Dimensions 24 cm.
336 ## - RDA CONTENT
Source rdacontent
Content Type text
337 ## - RDA MEDIA
Source rdamedia
Media Type unmediated
338 ## - RDA CARRIER
Source rdacarrier
Carrier Type volume
650 ## - ADDED SUBJECT ACCESS POINT - TOPICAL TERM
Topical Term Tagalog poetry.
942 ## - ADDED ENTRY ELEMENTS (KOHA)
Source of Classification
Koha Item Type Books
Holdings
Library Site Location Shelving Location Source of Acquisition Full Classification Number Accession Number Koha Item Type
APEC Bacoor Library APEC Bacoor Library Filipiniana Institutional Fund F 899.211 Al445p 2006 B04-0000200 Non Fiction
APEC Bacoor Library APEC Bacoor Library Filipiniana Institutional Fund F 899.211 Al445p 2006 B04-0000398 Non Fiction
APEC Calumpang Library APEC Calumpang Library Filipiniana Institutional Fund F 899.211 Al445p 2006 B10-0000230 Non Fiction
APEC Dasmarinas Library APEC Dasmarinas Library Filipiniana Institutional Fund F 899.211 Al445p 2006 B03-0000224 Non Fiction
APEC España Library APEC España Library Filipiniana Institutional Fund F 899.211 Al445p 2006 B11-0000186 Non Fiction
APEC Grace Park West Library APEC Grace Park West Library Filipiniana Institutional Fund F 899.211 Al445p 2006 A09-0000169 Non Fiction
APEC JRU Lipa Library APEC JRU Lipa Library Filipiniana Institutional Fund F 899.211 Al445p 2006 B12-0000226 Non Fiction
APEC Marikina Heights Library APEC Marikina Heights Library Filipiniana Institutional Fund F 899.211 Al445p 2006 A08-0000239 Non Fiction
APEC Concepcion Dos Library APEC Marikina Heights Library Filipiniana Institutional Fund F 899.211 Al445p 2006 C02-0000226 Non Fiction
APEC Muntinlupa Library APEC Muntinlupa Library Filipiniana Institutional Fund F 899.211 Al445p 2006 B01-0000277 Non Fiction
APEC New Manila Library APEC New Manila Library Filipiniana Institutional Fund F 899.211 Al445p 2006 C03-0000227 Non Fiction
APEC North Fairview Library APEC North Fairview Library Filipiniana Institutional Fund F 899.211 Al445p 2006 A04-0000173 Non Fiction
APEC Ortigas Extension, Cainta Library APEC Ortigas Extension, Cainta Library Filipiniana Institutional Fund F 899.211 Al445p 2006 B09-0000220 Non Fiction
APEC Roxas Boulevard Library APEC Roxas Boulevard Library Filipiniana Institutional Fund F 899.211 Al445p 2006 B06-0000190 Non Fiction
APEC Silangan, Pateros Library APEC Silangan, Pateros Library Filipiniana Institutional Fund F 899.211 Al445p 2006 B07-0000205 Non Fiction
APEC Sta. Rita Library APEC Sta. Rita Library Filipiniana Institutional Fund F 899.211 Al445p 2006 B02-0000145 Non Fiction
APEC Taytay Library APEC Taytay Library Filipiniana Institutional Fund F 899.211 Al445p 2006 B08-0000196 Non Fiction
APEC Tondo Library APEC Tondo Library Filipiniana Institutional Fund F 899.211 Al445p 2006 A10-0000190 Non Fiction
APEC V. Luna Library APEC V. Luna Library Filipiniana Institutional Fund F 899.211 Al445p 2006 A01-0000174 Non Fiction

Powered by Koha